| 000 | 00828nam a2200229Ia 4500 | ||
|---|---|---|---|
| 003 | GCL | ||
| 008 | 140319s9999 xx 000 0 ara d | ||
| 020 | _a6135091977 | ||
| 040 |
_aGCL / _cGCL |
||
| 082 | 0 | 4 |
_a953.09 _bم ت |
| 100 | 1 | _aروبير مانتران | |
| 245 | 1 | 0 |
_aتاريخ الدولة العثمانية / _cروبير مانتران |
| 700 | 1 | _aبشير السباعى | |
| 250 | _aالاولى | ||
| 260 |
_aالقاهرة : _bدار الفكر للدراسات والنشر والتوزيع ، _c1993 |
||
| 300 |
_a660 ص ؛ _c24سم |
||
| 650 | 0 | 4 | _aالامبراطورية العثمانية |
| 650 | 0 | 4 | _aالعثمانيون |
| 650 | 0 | 4 | _aالامبراطورية العثمانية - تاريخ |
| 650 | 0 | 4 | _aالامبراطورية العثمانية - عصر الضعف |
| 942 |
_2ddc _cBK |
||
| 999 |
_c52481 _d52481 |
||